000
00231nam a2200085Ia 4500
008
170524s9999 xx 000 0 und d
100
_a
BHOLE- M
100
_c
2004
245
0
_a
FINANCIAL INSTINFORMATION TECHNOLOGYUTION AND MARKETING
260
_a
TATA MC GRAW HILL
999
_c
2201
_d
2201